| 000 | 00561nam a2200193Ia 4500 | ||
|---|---|---|---|
| 008 | 140321s9999 xx 000 0 und d | ||
| 020 | _a9789812533548 | ||
| 050 |
_aTX 911.3.M27 _b.B35 2011 |
||
| 100 | _aBardi, James A. | ||
| 245 |
_aHotel front offive management / _cJames A. Bardi. |
||
| 250 | _a5th ed. | ||
| 260 |
_aNew Jersey : _bJohn Wiley & Sons, _cc2011. |
||
| 300 |
_a492 p. : _bill. ; _c23 cm. |
||
| 500 | _aIncludes bibliographical references and index. | ||
| 521 | _aTOU | ||
| 650 | _aHotel management. | ||
| 942 |
_kFOR _cBK |
||
| 999 |
_c48298 _d48298 |
||